| 000 | 00438nam a2200145Ia 4500 | ||
|---|---|---|---|
| 008 | 231129s1992||||xx |||||||||||||| ||spa|| | ||
| 020 | _a968-880-316-2 (obra | ||
| 040 | _bspa | ||
| 082 | _aR 621.3893 U89m | ||
| 100 | _aUtz Peter | ||
| 245 | 0 | _aManual moderno de equipos de video: grabacion filmacion edicion y audio | |
| 260 | _c1992 | ||
| 264 | _aPrentice hall Hispanoamericana. | ||
| 942 |
_2ddc _cBKS |
||
| 999 |
_c20518 _d20518 |
||